000 00483nam a2200169 i 4500
001 115746
003 ES-MaACL
005 20230906190541.0
007 t|
008 070511s1912 sp ||||1| spa d
110 2 _aUniversidad de Granada.
_97176
245 1 3 _aEl libro de la Universidad de Granada.
260 _aGranada :
_bUniversidad de Granada,
_c[1912?]
300 _a1 v. ;
_c21 cm.
505 8 _aContiene: Año I, curso de 1911 a 1912
852 _aES-MaACL
_jT-1316 bis-5
999 _c115746
_d115746